One piece quiz saga Alabasta - Statistiques

Statistiques générales
  • Ce quiz a été pris 314 fois
  • Le résultat moyen est 10 sur 15
Statistiques - réponses
Question Réponse % Correct
Pourquoi l'équipage au chapeau de paille vont sur l'île de Drum ? Car Nami est malade
96%
Dans le passée de Vivi, comment s'appelle le clan qu'elle intègre ? Le clan des sables
87%
Quel est le surnom de Miss Doublefinger ? Paula
81%
Comment s'appelle les 2 bras droit de Wapol ? Kuromarimo et Chess
78%
Comment sont surnommée Mr 13 et miss Friday ? Unluckies
78%
Combien de chasseur de prime Zoro a tué sur Whiskey Peak ? 100
76%
Dans le passée de Chopper, comment s'appelle les champignon qui ont tué Hiluluk ? Un amiudaké
72%
Comment Luffy arrive à trouver le bon Mr 3 parmi ses doublons ? L'instinct
70%
Est ce que Mr 5 et miss Valentine sont arrivé sur Little Garden ? Oui
69%
Comment s'appelle la partenaire de Mr 7 ? Miss Father's Day
59%
Avec quel arme se bat Dorry ? Une épée
54%
Avec quel main Mr 2 reprend son visage naturelle ? La main gauche
48%
Que décide de faire Tashigi après que Smoker ait quitté Alabasta ? Poursuivre l'équipage de chapeau de paille
37%
Comment s'appelle les gardien d'élite d' Alabasta ? Les tsumegeri
35%
Sur Whiskey Peak, quel est le surnom de Mr 8 ? Igarappoï
20%
Aucun quiz correspondant
Distribution des résultats
% des personnes avec chaque résultat
Percentile par nombre de réponses
Votre historique - résultats
Vous n’avez pas pris ce quiz